000
00290nam a2200121 a 4500
008
100916s1992|||| d
245
1
0
_a
Bosonohá princezná
100
1
_a
Durieuxová, Evelyn
260
_b
Mladé letá
_a
Bratislava
_c
1992
020
_c
88
041
_a
slo
044
_a
xo
_c
SK
999
_c
10380
_d
10380